| 000 | 01152nam a22002777a 4500 | ||
|---|---|---|---|
| 005 | 20100918105748.0 | ||
| 008 | 100918t xxu||||| |||| 00| 0 mar d | ||
| 010 | _aMAR-20282 | ||
| 020 |
_c100.00 _a8172653069 |
||
| 035 | _aMR-12940 | ||
| 037 | _bDBAD/PUB | ||
| 040 |
_aDPL _bMR |
||
| 082 | _a891.461 | ||
| 100 |
_920631 _aपवार,किसन |
||
| 245 |
_aमन धावे समाधाना / _cकिसन पवार |
||
| 246 |
_aMam Dhave Samadhana _bby Kisan Pawar |
||
| 260 |
_aपुणे _bस्नेहवर्धन प्रकाशन _c2010 |
||
| 270 |
_a833, सदाशिव पेठ, महात्मा फुले सभागृहमागे _bपुणे _e411030 |
||
| 300 |
_a119पृ _c21 सेमी (अजिल्द) |
||
| 650 |
_920632 _aमराठी कविता |
||
| 650 |
_920633 _aMarathi Poetry |
||
| 700 | _921188 | ||
| 700 | _921189 | ||
| 942 |
_2ddc _cMR _mपवार _h891.461 |
||
| 999 |
_c47676 _d47676 |
||